00896nam a22001937a 4500003000900000008004100009040007100050082001800121100002700139245006200166260005200228300002800280440002800308440002900336505027800365650002400643650002400667650001100691AR-CdUCM190521b ||||| |||| 00| 0 spa d aMUNICIPALIDAD PROVINCIAL DEL CUSCOcBIBLIOTECA MUNICIPAL DEL CUSCO a199.85 /bM39 aMejía Valera, Manuel aFuentes para la historia de la filosofía en el Perú / aLima :bUniversidad Mayor de San Marcos,c1963. a203 páginas ;c23 cm. aBiblioteca filosófica aHistoria de las ideasn1 aContenido: e la colonia a la república - La escolástica y otras manifestaciones del pensamiento medieval y renacentista - La ilustración en el Perú - Predominio de la economía política: el romanticismo y el eclecticismo - El positivismo - La filosofía actual. aFilosofía peruana aCientífico social aPerú